Szczegóły MARC21

Duży słownik polsko-angielski, angielsko-polski /

005 -DATA I CZAS OSTATNIEJ MODYFIKACJI [,]
    • @
    • pole kontrolne
    • 20140507103524.0
020 -Międzynarod. znormalizowany nr książki - ISBN [ , ]
    • a
    • Numer ISBN
    • 9788377272596 Find
040 -Instytucja sporządzająca opis [ , ]
    • a
    • Instytucja, która sporządziła opis (NP)
    • SZCZ U/JG
    • c
    • Instytucja, która sporządziła rekord (NP)
    • SZCZ U/JG
    • d
    • Instytucja, która zmodyfikowała rekord (P)
    • SZCZ U/MS
041 -Język dokumentu [1, ]
    • a
    • Język tekstu (P)
    • polski
    • a
    • Język tekstu (P)
    • angielski
    • h
    • Język tekstu oryginalnego i/lub pośredniego (P)
    • polski
044 -Kraj miejsca wydania [ , ]
    • a
    • Kraj miejsca wydania
    • Niemcy
    • a
    • Kraj miejsca wydania
    • Polska
942 -Rodzaj dokumentu [ , ]
    • c
    • Rodzaj dokumentu
    • Książka
100 -Hasło główne - nazwa osobowa [1, ]
    • 9
    • KHW
    • 70355
    • a
    • Nazwa osobowa (NP)
    • Piotrowski, Tadeusz
    • c
    • Dopowiedzenie inne niż daty biograficzne (P)
    • (filologia angielska).
245 -Strefa tytułu i oznaczenia odpowiedzialności [0,0]
    • a
    • Tytuł
    • Duży słownik polsko-angielski, angielsko-polski / Find
    • c
    • Pozostałe elementy strefy tytułu i oznaczenia odpowiedzialności (NP)
    • pod red. Zespołu Redakcyjnego Langenscheidta ; [oprac. przez Tadeusza Piotrowskiego we współpracy z Adamem Sumerą].
246 -Wariant tytułu [3,0]
    • a
    • Tytuł (NP)
    • Duży słownik polsko-angielski, angielsko-polski
260 -Strefa adresu wydawniczego [ , ]
    • a
    • Miejsce wydania (P)
    • Berlin ;
    • a
    • Miejsce wydania (P)
    • [Warszawa] :
    • b
    • Nazwa wydawcy (P)
    • Langenscheidt,
    • c
    • Data wydania (P)
    • [2007].
300 -Strefa opisu fizycznego [ , ]
    • a
    • Określenie formy książki i/lub objętość (NP)
    • 678, [1] s. ;
    • c
    • Format (NP)
    • 19 cm +
    • e
    • Oznaczenie dokumentu towarzyszącego (NP)
    • dysk optyczny (CD-ROM ; 12 cm).
500 -Uwaga ogólna [ , ]
    • a
    • Uwaga ogólna (NP)
    • Na etykiecie dysku optycznego (CD-ROM): Duży słownik polsko-angielski, angielsko-polski. Dodatek.
500 -Uwaga ogólna [ , ]
    • a
    • Uwaga ogólna (NP)
    • Brak daty wydania.
510 -Uwaga dot. cytaty bibliograficznej [3, ]
    • a
    • Nazwa źródła
    • Data wyd. wg www.migbp.nysa.pl.
546 -Uwaga dot. języka [ , ]
    • a
    • Uwaga dot. języka
    • Przedm., wskazówki dla użytkownika w jęz. pol. i niem.
080 -Uniwersalna Klasyfikacja Dziesiętna [ , ]
    • 2
    • Identyfikator wydania tablic
    • UDC-P058
    • 9
    • UKD
    • 47393
    • a
    • Symbol klasyfikacji
    • 811.162.1:811.111]'374
    • b
    • Dopowiedzenie
    • Słownik polsko-angielski i angielsko-polski.
    • 4
    • UKD2
    • 7644
    • x
    • Poddział wspólny
    • =111
    • c
    • Dopowiedzenie poddz. wspólnego
    • =Język angielski.
    • 4
    • UKD2
    • 7660
    • x
    • Poddział wspólny
    • =162.1
    • c
    • Dopowiedzenie poddz. wspólnego
    • =Język polski.
980 -Symbol UKD [ , ]
    • a
    • UKD
    • 811.162.1:811.111]'374=111=162.1
700 -Hasło dodatkowe - nazwa osobowa [1, ]
    • 9
    • KHW
    • 70360
    • a
    • Nazwa osobowa (NP)
    • Sumera, Adam Find
    • d
    • Daty biograficzne (NP)
    • (1955- ).
710 -Hasło dodatkowe - nazwa ciała zbiorowego [2, ]
    • 4
    • Kod relacji
    • pbl
    • 9
    • KHW
    • 10413
    • a
    • Nazwa ciała zbiorowego lub nazwa geograficzna jako pierwszy element (NP)
    • Langenscheidt KG.
    • b
    • Nazwa jednostki podrzędnej (P)
    • Redaktion.
710 -Hasło dodatkowe - nazwa ciała zbiorowego [2, ]
    • 9
    • KHW
    • 50561
    • 4
    • Kod relacji
    • pbl
    • a
    • Nazwa ciała zbiorowego lub nazwa geograficzna jako pierwszy element (NP)
    • Langenscheidt Polska.
920 -ISBN [ , ]
    • a
    • ISBN
    • 978-83-7727-259-6 Find
Data inwentaryzacji Lokalizacja Status udost. Numer inwentarzowy Sygnatura
2014-02-25T1T.14960T.14960